Information technology : (Record no. 687)
[ view plain ]
| 000 -LEADER | |
|---|---|
| fixed length control field | 00803nac a22002051u 4500 |
| 010 ## - LIBRARY OF CONGRESS CONTROL NUMBER | |
| LC control number | 00033645 |
| 020 ## - INTERNATIONAL STANDARD BOOK NUMBER | |
| International Standard Book Number | 0130114960 |
| 082 00 - DEWEY DECIMAL CLASSIFICATION NUMBER | |
| Classification number | 621.39 |
| Item number | C995 |
| 090 ## - LOCALLY ASSIGNED LC-TYPE CALL NUMBER (OCLC); LOCAL CALL NUMBER (OCLC) | |
| -- | 687 |
| -- | 687 |
| 100 ## - MAIN ENTRY--PERSONAL NAME | |
| Personal name | Cyganski, David. |
| 245 10 - TITLE STATEMENT | |
| Title | Information technology : |
| Remainder of title | inside and outside / |
| Statement of responsibility, etc | David Cyganski, John A. Orr with Richard F. Vaz. |
| 260 ## - PUBLICATION, DISTRIBUTION, ETC. (IMPRINT) | |
| Place of publication, distribution, etc | New Delhi : |
| Name of publisher, distributor, etc | Pearson Education, |
| Date of publication, distribution, etc | c2002. |
| 300 ## - PHYSICAL DESCRIPTION | |
| Extent | xxiv, 338 p. : |
| Other physical details | ill. (some col.), col. maps ; |
| Dimensions | 27 cm. |
| 504 ## - BIBLIOGRAPHY, ETC. NOTE | |
| Bibliography, etc | Includes bibliographical references and index. |
| 650 #0 - SUBJECT ADDED ENTRY--TOPICAL TERM | |
| Topical term or geographic name as entry element | Information technology. |
| 700 1# - ADDED ENTRY--PERSONAL NAME | |
| Personal name | Orr, John A. |
| 700 1# - ADDED ENTRY--PERSONAL NAME | |
| Personal name | Vaz, Richard F. |
| 942 ## - ADDED ENTRY ELEMENTS (KOHA) | |
| Item type | Book - Borrowing |
| Call number prefix | 621.39C995 |
| Withdrawn status | Item status | Source of classification or shelving scheme | Damaged status | Not for loan | Vendor | Home library | Current library | Shelving location | Date acquired | Source of acquisition | Cost, normal purchase price | Total Checkouts | Total Renewals | Full call number | Barcode | Date last seen | Date last borrowed | Cost, replacement price | Koha item type |
|---|---|---|---|---|---|---|---|---|---|---|---|---|---|---|---|---|---|---|---|
| Dewey Decimal Classification | Central Library | Central Library | First floor | 25/07/2006 | 102.00 | 1 | 3 | 621.39 CYG | 000003917 | 15/07/2025 | 31/03/2011 | 127.50 | Book - Borrowing |